| 000 | 00832nam a2200229 a 4500 | ||
|---|---|---|---|
| 001 | 27866 | ||
| 003 | BD-RjUL | ||
| 005 | 20211209051218.0 | ||
| 008 | 140327s1967 ae b 10010 fre d | ||
| 035 | _a(BD-RjUL)27946 | ||
| 040 |
_aANL _cANL _beng _dBD-RjUL |
||
| 041 | _aeng | ||
| 082 | 0 | 0 |
_a956.94 _219 _bCOL 1967 |
| 111 | 2 | 0 |
_aColloque de Juristes Arabes sur la Palestine _d(1967 : _cAlgiers, Algeria) _985502 |
| 245 | 1 | 3 |
_aLa question palestinienne / _cColloque de juristes arabes sur la Palestine, Alger, 22-27 Juillet 1967. |
| 260 | 0 |
_aAlger : _bSociete Nationale d'Edition et de Diffusion, _c1967. |
|
| 300 |
_a237 p. ; _c23 cm. |
||
| 504 | _aIncludes bibliographical references. | ||
| 650 | 0 |
_aJewish-Arab relations _xCongresses. _985503 |
|
| 651 | 0 |
_aPalestine _xPolitics and government _xCongresses. _985504 |
|
| 942 |
_2ddc _cBK |
||
| 999 |
_c27866 _d27866 |
||